Molecular biology of the cell [Interactive multimedia] (Record no. 202636)

MARC details
000 -LEADER
fixed length control field 00446nam a2200169Ia 4500
008 - FIXED-LENGTH DATA ELEMENTS--GENERAL INFORMATION
fixed length control field 231221s9999 xx 000 0 und d
041 ## - LANGUAGE CODE
Language code of text/sound track or separate title English
082 ## - DEWEY DECIMAL CLASSIFICATION NUMBER
Classification number 574.872 ALB;
100 ## - MAIN ENTRY--PERSONAL NAME
Personal name Alberts, Bruce
245 #0 - TITLE STATEMENT
Title Molecular biology of the cell [Interactive multimedia]
250 ## - EDITION STATEMENT
Edition statement 4th ed.
260 ## - PUBLICATION, DISTRIBUTION, ETC.
Date of publication, distribution, etc. 2002
Name of publisher, distributor, etc. New York : Garland Science
300 ## - PHYSICAL DESCRIPTION
Extent xxxiv+1463
300 ## - PHYSICAL DESCRIPTION
Dimensions 22617
650 ## - SUBJECT ADDED ENTRY--TOPICAL TERM
Topical term or geographic name entry element Molecular,biology,cell
942 ## - ADDED ENTRY ELEMENTS (KOHA)
Koha item type Compact Disks
Holdings
Date last seen Total checkouts Full call number Accession number Uniform resource identifier Price effective from Category Lost status Damaged status Department Withdrawn status Home library Current library Shelving location Entry date Vendor Grants Billnumber Billdate Currency symbol Conversion rate Discount Old discount
26/01/2024   574.872 ALB; CD871 //Lib_server/CD's Library/CD872/bT.htm 26/01/2024 Compact Disks     Central Library   Central Library Central Library Central Library   Sapna Book House BT 18202 07/09/2009 RS 1   15

© For any Suggestions or Query, please contact the library staff @ librarian@pes.edu or Phone: +9180 2672 1983/ 2108.